书目信息 |
| 题名: |
三峡工程与人居环境建设
|
|
| 作者: | 赵万民 著 | |
| 分册: | ||
| 出版信息: | 北京 中国建筑工业出版社 1999.06 |
|
| 页数: | 287页 | |
| 开本: | 16开 | |
| 丛书名: | ||
| 单 册: | ||
| 中图分类: | X24 | |
| 科图分类: | ||
| 主题词: | 人类--关系--环境 , 资源--关系--环境 , 能源--关系--环境 | |
| 电子资源: | ||
| ISBN: | 7-112-03907-X | |
| 000 | 00643nam0 2200217 45 | |
| 001 | 0010091776 | |
| 005 | 20001225150257.2 | |
| 010 | @a7-112-03907-X@d28.00元 | |
| 100 | @a20001009d1999 km y0chiy0120 ea | |
| 101 | 0 | @achi |
| 105 | @a z 000yy | |
| 200 | 1 | @a三峡工程与人居环境建设@ASan Xia Gong Cheng Yu Ren Ju Huan Jing Jian She@f赵万民著@FZhao Wan Min Zhu |
| 210 | @a北京@c中国建筑工业出版社@d1999.06 | |
| 215 | @a287页@d16开 | |
| 606 | 0 | @a人类@x关系@x环境 |
| 606 | 0 | @a资源@x关系@x环境 |
| 606 | 0 | @a能源@x关系@x环境 |
| 690 | @aX24@v3 | |
| 701 | 0 | @a赵万民@4著 |
| 801 | @aCN@bPftUser@c20001009 | |
| 905 | @dX24@eZH541@b311528-531@f4 | |
| 三峡工程与人居环境建设/赵万民著.-北京:中国建筑工业出版社,1999.06 |
| 287页;16开 |
| ISBN 7-112-03907-X:28.00元 |
| ● |
| 相关链接 |
|
|
|
正题名:三峡工程与人居环境建设
索取号:X24/ZH541
 
预约/预借
| 序号 | 登录号 | 条形码 | 馆藏地/架位号 | 状态 | 备注 |
| 1 | 311528 | 203115280 | 市政与环境工程学院资料室/ [索取号:X24/ZH541] | 在馆 | |
| 2 | 311529 | 203115299 | 自科库501/501自科库 65排2列4层/ [索取号:X24/ZH541] | 在馆 | |
| 3 | 311530 | 203115306 | 自科库501/501自科库 65排2列4层/ [索取号:X24/ZH541] | 在馆 | |
| 4 | 311531 | 203115315 | 市政与环境工程学院资料室/ [索取号:X24/ZH541] | 在馆 |